000 00461nam a2200169Ia 4500
008 220214s9999 xx 000 0 und d
100 _aRuzette A V G
245 0 _aPressure effects on the phase behavior of styrene/n-alkyl methacrylate block copolymers
260 _bMacromolecules
_c2003
300 _a3351-3356
650 _aPhse behavior
700 _aHammouda B
700 _aMayes A M
700 _aPollard M
700 _aRussell T P
942 _cRE
999 _c45519
_d45519